000 00572nam a2200193Ia 4500
005 20250508153657.0
008 008 250505s9999 xx 000 0 eng d
037 _aReference
040 _aFEDL
_beng
_cFEDL
041 _aeng
_2eng
084 _a370.954, NUR
_qFEDL
100 _aNurullah Syed
245 0 _aHistory of education in India: During the British period
260 _aBombay, India
_bMacmillan and Company Limited
_c1943
300 _axxiv,643p
700 _a Naik J P
_9764223
942 _cREF
_h370.954, NUR
999 _c1344726
_d1344726